书目信息 |
| 题名: |
你是人间四月天
|
|
| 作者: | 林徽因 著 | |
| 分册: | ||
| 出版信息: | 北京 中国友谊出版公司 2018 |
|
| 页数: | 185页 | |
| 开本: | 21cm | |
| 丛书名: | ||
| 单 册: | ||
| 中图分类: | I226 , I266 | |
| 科图分类: | ||
| 主题词: | 诗集--中国--现代 , 散文集--中国--现代 | |
| 电子资源: | ||
| ISBN: | 978-7-5057-4339-7 | |
| 000 | 00858nam0 2200277 450 | |
| 001 | 012001006236 | |
| 005 | 20131101095030.0 | |
| 010 | @a978-7-5057-4339-7@dCNY36.00 | |
| 099 | @aCAL 012019018782 | |
| 100 | @a20180914d2018 em y0chiy50 ea | |
| 101 | 0 | @achi |
| 102 | @aCN@b110000 | |
| 105 | @ay z 000zy | |
| 106 | @ar | |
| 200 | 1 | @a你是人间四月天@Ani shi ren jian si yue tian@b专著@e诗歌·散文篇@f林徽因著 |
| 210 | @a北京@c中国友谊出版公司@d2018 | |
| 215 | @a185页@d21cm | |
| 300 | @a林徽因作品集 | |
| 330 | @a本书收录了作者的《一首桃花》《深笑》《忆》等诗歌作品及《悼志摩》《窗子以外》《一片阳光》等散文。 | |
| 606 | 0 | @a诗集@y中国@z现代 |
| 606 | 0 | @a散文集@y中国@z现代 |
| 690 | @aI226@v5 | |
| 690 | @aI266@v5 | |
| 701 | 0 | @a林徽因@Alin hui yin@f(1904-1955)@4著 |
| 801 | 2 | @aCN@b上海新华@c20191020 |
| 905 | @b1131233-6@dI226@e111@f4 | |
| 你是人间四月天:诗歌·散文篇/林徽因著.-北京:中国友谊出版公司,2018 |
| 185页;21cm |
| 林徽因作品集 |
| ISBN 978-7-5057-4339-7:CNY36.00 |
| 本书收录了作者的《一首桃花》《深笑》《忆》等诗歌作品及《悼志摩》《窗子以外》《一片阳光》等散文。 |
| ● |
| 相关链接 |
|
|
|
|
正题名:你是人间四月天
索取号:I226/111
 
预约/预借
| 序号 | 登录号 | 条形码 | 馆藏地/架位号 | 状态 | 备注 |
| 1 | 1131233 | 211312337 | 第一样本阅览室/ [索取号:I226/111] | 在馆 | |
| 2 | 1131234 | 211312346 | 第二借阅区/ [索取号:I226/111] | 在馆 | |
| 3 | 1131235 | 211312355 | 第二借阅区/ [索取号:I226/111] | 在馆 | |
| 4 | 1131236 | 211312364 | 第二借阅区/ [索取号:I226/111] | 在馆 |